Patrimônios Mundiais da UNESCO no Brasil - Statistics

Estatísticas Gerais
  • Esse quiz foi jogado 41 vezes
  • A pontuação média é 9 de 21
Estatísticas das Respostas
Estado Bem Patrimônio % Correto
Minas Gerais Cultural Cidade Histórica de Ouro Preto
77%
Distrito Federal Cultural Brasília
65%
Amazonas Natural Complexo de Conservação da Amazônia Central
65%
Pernambuco Cultural Centro Histórico de Olinda
61%
Rio de Janeiro Natural Paisagem Cultural do Rio de Janeiro
61%
Bahia Cultural Centro Histórico de Salvador
58%
Mato Grosso/Mato Grosso do Sul Natural Parque Nacional do Pantanal Matogrossense
58%
Paraná Natural Parque Nacional do Iguaçu
55%
Minas Gerais Cultural Centro Histórico de Diamantina
52%
Maranhão Cultural Centro Histórico de São Luís
45%
Minas Gerais Cultural Conjunto Arquitetônico da Pampulha
45%
Goiás Natural Zonas protegidas do Cerrado: Parques nacionais de Chapada dos Veadeiros e das Emas
42%
Goiás Cultural Centro Histórico de Goiás
39%
Pernambuco/Rio Grande do Norte Natural Fernando de Noronha & Atol das Rocas
35%
Bahia/Espírito Santo Natural Reservas de Mata Atlântica da Costa do Descobrimento
35%
Paraná/São Paulo Natural Reservas de Mata Atlântica do Sudeste
35%
Piauí Natural Parque Nacional da Serra da Capivara
32%
Rio Grande do Sul Cultural Missões Jesuíticas Guarani: San Ignacio Miní, Santa Ana, Nossa Senhora de Loreto, Santa Maria, a Maior e Ruínas de São Miguel das Missões
29%
Rio de Janeiro Cultural Cais do Valongo e da Imperatriz
19%
Sergipe Cultural Praça de São Francisco
19%
Minas Gerais Natural Santuário de Bom Jesus de Matosinhos
13%
Nenhum quiz correspondente encontrado
Distribuição das Pontuações
Porcentagem de Pessoas com Cada Pontuação
Percentil de Números Respondidos
Sua Pontuação Histórica
Você não jogou esse quiz